नैतिक मूल्यों की कहानियाँ / (Record no. 27420)
[ view plain ]
| 000 -LEADER | |
|---|---|
| fixed length control field | 01110nam a22002537a 4500 |
| 005 - DATE AND TIME OF LATEST TRANSACTION | |
| control field | 20250421150035.0 |
| 008 - FIXED-LENGTH DATA ELEMENTS--GENERAL INFORMATION | |
| fixed length control field | 090613t xxu||||| |||| 00| j hin d |
| 010 ## - LCCN (DPL NO) | |
| LC control number | HIN-86923 |
| 020 ## - INTERNATIONAL STANDARD BOOK NUMBER | |
| International Standard Book Number | 9788190483216 |
| Terms of availability | 200.00 |
| 020 ## - INTERNATIONAL STANDARD BOOK NUMBER | |
| Terms of availability | 395.00 |
| 035 ## - SYSTEM CONTROL NUMBER | |
| System control number | HN-59269 HN-129690 |
| 037 ## - SOURCE OF ACQUISITION | |
| Source of stock number/acquisition | DBAD / PUB |
| 040 ## - CATALOGING SOURCE | |
| Original cataloging agency | dpl |
| Language of cataloging | hn |
| 082 ## - DEWEY DECIMAL CLASSIFICATION NUMBER | |
| Classification number | क |
| 100 ## - MAIN ENTRY--PERSONAL NAME | |
| Personal name | शर्मा, पवित्र कुमार |
| 9 (RLIN) | 80731 |
| 245 ## - TITLE STATEMENT | |
| Title | नैतिक मूल्यों की कहानियाँ / |
| Statement of responsibility, etc | पवित्र कुमार शर्मा |
| 246 ## - VARYING FORM OF TITLE | |
| Title proper/short title | Naitika mulyon kii kahaaniyaan |
| Remainder of title | by Pavitra Kumar Sharma |
| 260 ## - PUBLICATION, DISTRIBUTION, ETC. (IMPRINT) | |
| Place of publication, distribution, etc | दिल्ली |
| Name of publisher, distributor, etc | न्यू कॉन्स्पैट्स पब्लिशर्स |
| Date of publication, distribution, etc | 2021 |
| 270 ## - ADDRESS | |
| Address | 1362, अपर मैज़जनाइन फ्लोर, कश्मीरी गेट, |
| City | दिल्ली |
| Postal code | 110006 |
| 300 ## - PHYSICAL DESCRIPTION | |
| Extent | 144प. |
| Dimensions | 22सेमी (सजिल्द) |
| 650 ## - SUBJECT ADDED ENTRY--TOPICAL TERM | |
| Topical term or geographic name as entry element | लघु कथाएँ, हिन्दी |
| 9 (RLIN) | 80732 |
| 650 ## - SUBJECT ADDED ENTRY--TOPICAL TERM | |
| Topical term or geographic name as entry element | Short stories, Hindi |
| 9 (RLIN) | 80733 |
| 942 ## - ADDED ENTRY ELEMENTS (KOHA) | |
| Source of classification or shelving scheme | Dewey Decimal Classification |
| Item type | Hindi Books |
| Call number suffix | शर्माप |
| Classification part | क |
| Withdrawn status | Lost status | Source of classification or shelving scheme | Damaged status | Not for loan | Home library | Current library | Date acquired | Source of acquisition | Cost, normal purchase price | Total Checkouts | Full call number | Barcode | Date last seen | Copy number | Cost, replacement price | Koha item type |
|---|---|---|---|---|---|---|---|---|---|---|---|---|---|---|---|---|
| Dewey Decimal Classification | Not For Loan | D.B.Act.Division | D.B.Act.Division | 13/06/2009 | DBAD / PUB | 200.00 | क शर्माप | HN-59269 | 13/06/2009 | 1 | 200.00 | Hindi Books | ||||
| Dewey Decimal Classification | Patel Nagar | Patel Nagar | 21/04/2025 | DBAD | 395.00 | 1 | शर्माप क | HN-102036 | 02/07/2025 | 1 | 395.00 | Hindi Books |
